| 000 | 00334nam a2200133Ia 4500 | ||
|---|---|---|---|
| 005 | 20260328104314.0 | ||
| 008 | 260328s9999||||xx |||||||||||||| ||und|| | ||
| 100 | _aMoya, Rolando | ||
| 245 | 0 |
_aArquitectura Contemporánea Casas del Ecuador / _cRolando Moya |
|
| 260 | _bRama | ||
| 300 | _a165 p. | ||
| 650 | _aECUADOR | ||
| 942 | _cBK | ||
| 999 |
_c11078 _d11078 |
||